[Event "Bugojno BIH"]
[Site "Bugojno BIH"]
[Date "1984.??.??"]
[Round "?"]
[White "Tal, Mikhail N"]
[Black "Beliavsky, Alexander G"]
[Result "1/2-1/2"]
[WhiteElo "2620"]
[BlackElo "2565"]
[PlyCount "32"]
[EventDate "1984.??.??"]
[Source "www.chesslib.no"]
[SourceDate "2004.05.04"]

1. c4 Nf6 2. Nf3 b6 3. Nc3 Bb7 4. d4 c6 5. a3 d5 6. cxd5 Nxd5 7. Bd2 Nd7 8. Qc2 Nxc3 9. Bxc3 Nf6 10. e3 a6 11. Bd3 Qd5 12. Ne5 Qxg2 13. O-O-O b5 14. Qe2 Qd5 15. Rhg1 Nd7 16. e4 Qb3 1/2-1/2

[Event "Moscow RUS"]
[Site "?"]
[Date "2006.03.26"]
[Round "2"]
[White "Rustemov Alexander"]
[Black "Belov Vladimir"]
[Result "1/2-1/2"]
[WhiteElo "2573"]
[BlackElo "2608"]
[PlyCount "62"]
[EventDate "2006.??.??"]
[Source "www.chesslib.no"]
[SourceDate "2004.05.04"]

1. c4 Nf6 2. Nf3 g6 3. b4 Bg7 4. Bb2 O-O 5. e3 d6 6. Be2 c5 7. a3 Nc6 8. b5 Na5 9. d3 d5 10. Nbd2 dxc4 11. dxc4 Bf5 12. Qc1 Bd3 13. a4 Ne8 14. Bxg7 Nxg7 15. Qc3 Bxe2 16. Kxe2 b6 17. Nb3 Nxb3 18. Qxb3 a6 19. Ne5 Qd6 20. Qc3 Nf5 21. Nc6 Qe6 22. Rhc1 f6 23. Kf1 Nd6 24. h3 Kf7 25. Qc2 Rfc8 26. Rab1 axb5 27. cxb5 Nb7 28. Rd1 Na5 29. Nxa5 Rxa5 30. Kg1 Ra7 31. Rd2 Rca8 1/2-1/2

[Event "Desafio Sao Paulo"]
[Site "?"]
[Date "2004.08.20"]
[Round "2.3"]
[White "Milos Gilberto"]
[Black "Morovic Fernandez Ivan"]
[Result "1/2-1/2"]
[WhiteElo "2601"]
[BlackElo "2573"]
[PlyCount "42"]
[EventDate "2004.??.??"]
[Source "www.chesslib.no"]
[SourceDate "2004.05.04"]

1. c4 Nf6 2. Nf3 c6 3. Nc3 d5 4. e3 e6 5. b3 Nbd7 6. Bb2 e5 7. Qc2 a6 8. Be2 Bd6 9. g4 h6 10. g5 hxg5 11. Nxg5 Qe7 12. cxd5 cxd5 13. O-O-O b5 14. Kb1 Bb7 15. d4 e4 16. f3 Nb6 17. Rdf1 Rc8 18. Qd2 b4 19. Nd1 Nfd7 20. h4 f6 21. Nh3 Rxh4 1/2-1/2

[Event "New York USA"]
[Site "?"]
[Date "1997.04.04"]
[Round "6"]
[White "Aleksandrov Aleksej"]
[Black "Atalik Suat"]
[Result "1-0"]
[WhiteElo "2615"]
[BlackElo "2555"]
[PlyCount "73"]
[EventDate "1997.??.??"]
[Source "www.chesslib.no"]
[SourceDate "2004.05.04"]

1. c4 Nf6 2. Nf3 c6 3. Nc3 d5 4. e3 a6 5. a4 e6 6. d4 c5 7. cxd5 Nxd5 8. Bd3 Nc6 9. O-O Nf6 10. Ne4 cxd4 11. exd4 Be7 12. Be3 Nb4 13. Nxf6+ gxf6 14. Be2 Bd7 15. Qd2 Bc6 16. Rfc1 Rg8 17. Bf4 h5 18. Bg3 Rh8 19. Bh4 Nd5 20. Rc4 Qd7 21. b3 Nb6 22. Rcc1 Nd5 23. Rc4 Nb6 24. Rcc1 Nd5 25. Rc2 Bb4 26. Qc1 Bd6 27. Ne1 Qc7 28. g3 f5 29. Bf3 Qd7 30. Nd3 Rc8 31. Bxd5 exd5 32. Bf6 Rh7 33. Nc5 Bxc5 34. Re2+ Kf8 35. Qxc5+ Kg8 36. Re7 Qd8 37. Rae1 1-0

[Event "RUS"]
[Site "?"]
[Date "2006.04.27"]
[Round "8"]
[White "Yevseev Denis"]
[Black "Grachev Boris"]
[Result "1/2-1/2"]
[WhiteElo "2580"]
[BlackElo "2543"]
[PlyCount "164"]
[EventDate "2006.??.??"]
[Source "www.chesslib.no"]
[SourceDate "2004.05.04"]

1. c4 Nf6 2. Nf3 c6 3. Nc3 d5 4. e3 e6 5. b3 b6 6. d4 Bb7 7. Bd3 Nbd7 8. O-O Bd6 9. Bb2 O-O 10. Qe2 Re8 11. Rad1 h6 12. Rfe1 Qe7 13. e4 dxe4 14. Nxe4 Nxe4 15. Qxe4 Nf6 16. Qh4 Rad8 17. Bc2 Qf8 18. Ne5 c5 19. dxc5 Bxc5 20. Ng4 Nxg4 21. Qxg4 f5 22. Qg3 Rxd1 23. Rxd1 Qf7 24. h3 Kh7 25. Be5 Re7 26. Kf1 Rd7 27. Rxd7 Qxd7 28. Qd3 Qe7 29. f3 Qg5 30. Bc3 a5 31. Qd2 Qg3 32. Bd4 Qd6 33. Be3 Qe5 34. Bxc5 Qxc5 35. Qd7 Bc8 36. Qd8 a4 37. bxa4 Qxc4+ 38. Bd3 Qc5 39. h4 Bb7 40. h5 Qe3 41. Qd7 Qc1+ 42. Ke2 Qb2+ 43. Ke3 Qe5+ 44. Kd2 Bd5 45. Qf7 Qb2+ 46. Ke3 Qe5+ 47. Kd2 Bc6 48. Bb5 Qb2+ 49. Ke3 Qa3+ 50. Kf4 Qd6+ 51. Ke3 Bd5 52. Qg6+ Kg8 53. Qe8+ Kh7 54. Qg6+ Kg8 55. Qe8+ Qf8 56. Qxf8+ Kxf8 57. Kd4 Bxa2 58. Bc4 Bxc4 59. Kxc4 Ke7 60. f4 Kd6 61. Kb5 Kc7 62. Ka6 Kc6 63. g3 Kc5 64. Kb7 b5 65. a5 b4 66. a6 b3 67. a7 b2 68. a8=Q b1=Q+ 69. Kc8 Qe4 70. Qa7+ Kc4 71. Kd7 Kd3 72. Ke7 Ke2 73. Kf7 Qf3 74. Qa2+ Kf1 75. Qxe6 Qxh5+ 76. Kxg7 Kg2 77. Qxh6 Qg4+ 78. Kf6 Kxg3 79. Qg5 Kf3 80. Ke5 Ke3 81. Qxf5 Qg7+ 82. Ke6 Qh6+ 1/2-1/2

[Event "HUN-chT 9900"]
[Site "?"]
[Date "2000.??.??"]
[Round "9"]
[White "Horvath Jozsef"]
[Black "Acs Peter"]
[Result "0-1"]
[WhiteElo "2557"]
[BlackElo "2542"]
[PlyCount "124"]
[EventDate "2000.??.??"]
[Source "www.chesslib.no"]
[SourceDate "2004.05.04"]

1. c4 Nf6 2. Nf3 c6 3. Nc3 d5 4. e3 a6 5. b3 Bf5 6. Be2 e6 7. Bb2 Nbd7 8. O-O Bd6 9. d3 h6 10. e4 Bh7 11. cxd5 cxd5 12. Nxd5 exd5 13. e5 Nxe5 14. Nxe5 O-O 15. d4 Rc8 16. Rc1 Qa5 17. a4 Rxc1 18. Qxc1 Qb6 19. Qd1 Rc8 20. Bd3 Be4 21. Re1 Bxd3 22. Qxd3 Ne4 23. Re2 Qc7 24. g3 f6 25. Ng4 Qf7 26. f3 h5 27. Ne3 Ng5 28. Qf5 Re8 29. Kf2 Rd8 30. Kg2 Bc7 31. Rc2 g6 32. Qd3 f5 33. Bc1 Ne6 34. Nf1 Bb8 35. Be3 Kg7 36. f4 h4 37. Nd2 hxg3 38. hxg3 Rh8 39. Nf3 Qg8 40. Kg1 Rh5 41. b4 Rh3 42. Rg2 Qe8 43. b5 axb5 44. axb5 Qh8 45. Kf2 Rh1 46. Bd2 Kf7 47. g4 fxg4 48. f5 g3+ 49. Ke2 Qh3 50. fxe6+ Kg7 51. Rg1 Rxg1 52. Nxg1 Qg2+ 53. Kd1 Qxg1+ 54. Kc2 Bd6 55. Qf3 Qf2 56. Qxd5 Qf5+ 57. Qxf5 gxf5 58. Kd3 g2 59. Be3 Bh2 60. d5 g1=Q 61. Bxg1 Bxg1 62. d6 Bc5 0-1

[Event "Corr"]
[Site "?"]
[Date "1999.??.??"]
[Round "?"]
[White "McNab Colin Anderson"]
[Black "Lexa Vaclav"]
[Result "1-0"]
[WhiteElo "2523"]
[BlackElo "2558"]
[PlyCount "21"]
[EventDate "1999.??.??"]
[Source "www.chesslib.no"]
[SourceDate "2004.05.04"]

1. c4 Nf6 2. Nf3 a6 3. Nc3 e6 4. e4 d5 5. cxd5 exd5 6. e5 Nfd7 7. d4 Nb6 8. Bd3 Be7 9. h3 Nc6 10. a3 Bxh3 11. Rxh3 1-0

[Event "Sukhumi"]
[Site "Sukhumi"]
[Date "1972.09.04"]
[Round "15"]
[White "Tal, Mihail"]
[Black "Kirov, Nino"]
[Result "1-0"]
[WhiteElo "2625"]
[BlackElo "2450"]
[PlyCount "77"]
[EventDate "1972.??.??"]
[Source "www.chesslib.no"]
[SourceDate "2004.05.04"]

1. c4 Nf6 2. Nf3 g6 3. g3 Bg7 4. Bg2 d5 5. cxd5 Nxd5 6. O-O c5 7. Nc3 O-O 8. Qa4 Nb6 9. Qh4 e5 10. Qxd8 Rxd8 11. d3 c4 12. dxc4 Nxc4 13. Bg5 f6 14. Rfd1 Rd7 15. Rxd7 Bxd7 16. Nd2 Nb6 17. Bxb7 fxg5 18. Nd5 Nc6 19. Bxc6 Rd8 20. Ne4 Bf5 21. Ndc3 Rc8 22. Bb7 Rc7 23. Ba6 Na4 24. Nd5 Rc2 25. Nxg5 Nc5 26. Ne3 Nxa6 27. Nxc2 Bxc2 28. Rc1 Bf5 29. Rd1 Nc5 30. Rd8+ Bf8 31. Ra8 h6 32. Nh7 Kxh7 33. Rxf8 Na4 34. Rf7+ Kg8 35. Rxa7 Nxb2 36. a4 Be4 37. a5 Na4 38. Rc7 Bd5 39. e4 1-0

[Event "IBM"]
[Site "Amsterdam"]
[Date "1979.??.??"]
[Round "2"]
[White "Lein, Anatoly"]
[Black "Farago, Ivan"]
[Result "1/2-1/2"]
[WhiteElo "2535"]
[BlackElo "2510"]
[PlyCount "35"]
[EventDate "1979.07.??"]
[Source "ChessBase"]

1. c4 Nf6 2. Nf3 e5 3. g3 d5 4. Bg2 Be7 5. O-O O-O 6. b3 c5 7. e3 Nc6 8. Bb2 a6 9. Qe2 b5 10. d3 Bb7 11. Rd1 Qb6 12. Nbd2 Rad8 13. cxd5 Rxd5 14. d4 cxd4 15. Nxd4 Rd7 16. Rac1 Rc8 17. Nxc6 Bxc6 18. Bxc6 1/2-1/2

[Event "Yerevan"]
[Site "Erevan ARM"]
[Date "1976.??.??"]
[Round "?"]
[White "Csom, Istvan"]
[Black "Vaganian, Rafael A"]
[Result "0-1"]
[WhiteElo "2490"]
[BlackElo "2550"]
[PlyCount "118"]
[EventDate "1976.??.??"]
[Source "www.chesslib.no"]
[SourceDate "2004.05.04"]

1. c4 Nf6 2. Nf3 g6 3. b4 Bg7 4. Bb2 O-O 5. e3 d6 6. Be2 e5 7. d3 Nbd7 8. O-O Ne8 9. Qb3 Kh8 10. Nbd2 Qe7 11. Rac1 b6 12. c5 bxc5 13. bxc5 Nxc5 14. Qa3 Nd7 15. Nc4 c5 16. Nfd2 Qe6 17. d4 exd4 18. Bf3 d5 19. exd4 Rb8 20. Rfe1 Qa6 21. Bxd5 Nc7 22. Qxa6 Nxa6 23. Ba3 Nf6 24. Bc6 Nb4 25. Bxb4 cxb4 26. d5 Bh6 27. Re7 a5 28. Ne3 a4 29. Ra7 b3 30. axb3 axb3 31. Rb1 Ng4 32. Nec4 Bg7 33. Rxb3 Bd4 34. Rxb8 Bxf2+ 35. Kh1 Bxa7 36. Ra8 Bd4 37. d6 Nf2+ 38. Kg1 Ng4+ 39. Kf1 Nxh2+ 40. Ke1 Kg7 41. d7 Bxd7 42. Rxf8 Bxc6 43. Rd8 Bg1 44. g3 Ng4 45. Ke2 Bf2 46. Rd6 Bg2 47. Rd3 h5 48. Rb3 f6 49. Nd6 f5 50. N6c4 Kf6 51. Ra3 Bd5 52. Rd3 Be6 53. Ra3 g5 54. Kf3 Bd4 55. Ra6 Ne5+ 56. Nxe5 Kxe5 57. Kg2 g4 58. Ra5+ Bd5+ 59. Kh2 Bc3 0-1

[Event "It (open)"]
[Site "Biel (Switzerland)"]
[Date "2007.08.01"]
[Round "9"]
[White "Roiz Michael (ISR)"]
[Black "Suvrajit Saha (IND)"]
[Result "1-0"]
[WhiteElo "2630"]
[BlackElo "2405"]
[PlyCount "93"]
[EventDate "2007.??.??"]
[Source "www.chesslib.no"]
[SourceDate "2004.05.04"]

1. c4 Nf6 2. Nf3 c6 3. Nc3 d5 4. e3 e6 5. b3 Nbd7 6. Bb2 Bd6 7. Qc2 a6 8. d4 b5 9. Bd3 O-O 10. O-O Bb7 11. Rad1 bxc4 12. bxc4 Qe7 13. c5 Bc7 14. e4 e5 15. exd5 cxd5 16. Nxe5 Nxe5 17. Rfe1 Nfg4 18. dxe5 Qh4 19. h3 Bxe5 20. Bf5 Bxc3 21. Bxc3 Nf6 22. Bxf6 Qxf6 23. Bxh7+ Kh8 24. Bf5 Bc6 25. Bd3 Rfc8 26. Qe2 g6 27. Rb1 Re8 28. Qd2 Rxe1+ 29. Rxe1 Kg7 30. Rb1 Qd4 31. Qb2 Qxb2 32. Rxb2 Bb5 33. Bxb5 axb5 34. Kf1 Kf6 35. c6 Ke6 36. Rc2 Kd6 37. c7 Rc8 38. Ke2 Rxc7 39. Rxc7 Kxc7 40. Ke3 Kd6 41. Kd4 b4 42. h4 f5 43. g3 Kc6 44. f3 Kd6 45. g4 Ke6 46. h5 fxg4 47. fxg4 1-0

[Event "Concordia"]
[Site "Hamburg"]
[Date "1977.??.??"]
[Round "5"]
[White "Csom, Istvan"]
[Black "Spassov, Liuben"]
[Result "1/2-1/2"]
[WhiteElo "2535"]
[BlackElo "2480"]
[PlyCount "112"]
[EventDate "1977.06.??"]
[Source "ChessBase"]

1. c4 Nf6 2. Nf3 b6 3. g3 Bb7 4. Bg2 e6 5. O-O Be7 6. Nc3 O-O 7. Re1 Ne4 8. Nxe4 Bxe4 9. d3 Bb7 10. d4 Be4 11. d5 exd5 12. cxd5 c5 13. Bf4 d6 14. Rc1 Nd7 15. Nd4 Bxg2 16. Nc6 Qe8 17. Kxg2 Nb8 18. Nxe7+ Qxe7 19. Rc3 Nd7 20. Re3 Qf6 21. Qa4 Rfd8 22. Rc3 Qe7 23. Re3 Qf6 24. Rc3 Qe7 25. Qa6 Nf8 26. Rd1 Ng6 27. Bc1 Rab8 28. a4 Qb7 29. Qc4 a6 30. b4 b5 31. axb5 axb5 32. Qb3 c4 33. Qc2 Re8 34. Bb2 Re7 35. Ra3 Rbe8 36. Rd2 Qd7 37. f3 Qb7 38. Ba1 Ra8 39. Qc3 f6 40. Kf1 Qc8 41. Rda2 Qh3+ 42. Kg1 Rae8 43. Qe1 h5 44. Ra8 Qf5 45. Qd1 h4 46. R2a3 hxg3 47. hxg3 Qh3 48. Qe1 Kf7 49. Rxe8 Rxe8 50. Qf2 Qf5 51. Ra7+ Kg8 52. e4 Qg5 53. Kh2 Qh6+ 54. Kg2 Qg5 55. Kh2 Qh6+ 56. Kg2 Qg5 1/2-1/2

[Event "TCh-CRO"]
[Site "Rabac"]
[Date "2004.09.09"]
[Round "5"]
[White "Horvath, Jozsef"]
[Black "Sulava, Nenad"]
[Result "1-0"]
[WhiteElo "2524"]
[BlackElo "2482"]
[PlyCount "85"]
[EventDate "2004.06.21"]
[Source "Roberto Alvarez"]
[SourceDate "2004.09.21"]

1. c4 Nf6 2. Nf3 Nc6 3. d4 e6 4. Nc3 Bb4 5. Qc2 d5 6. Bg5 dxc4 7. e3 Qd5 8. Bxf6 gxf6 9. Nd2 Qg5 10. a3 Bxc3 11. Qxc3 b6 12. h4 Qa5 13. Qxc4 Bb7 14. b4 Qa4 15. Bd3 Ne7 16. Qxc7 Bxg2 17. Rg1 Qc6 18. Rc1 Qxc7 19. Rxc7 Bd5 20. Bb5+ Kf8 21. e4 a6 22. Bd7 Ba2 23. Ke2 b5 24. Ra1 Bc4+ 25. Nxc4 bxc4 26. Rc1 f5 27. f3 Rg8 28. R1xc4 fxe4 29. fxe4 Rg4 30. d5 Rxh4 31. d6 Ng6 32. Rc8+ Rxc8 33. Rxc8+ Kg7 34. Bc6 Rh2+ 35. Ke3 Rh3+ 36. Kd4 e5+ 37. Kc4 Nf8 38. d7 Nxd7 39. Bxd7 Rxa3 40. Rc5 Kf6 41. Ra5 Rxa5 42. bxa5 h5 43. Kd5 1-0

[Event "AUT-chT"]
[Site "?"]
[Date "1992.??.??"]
[Round "?"]
[White "Plachetka Jan"]
[Black "Farago Ivan"]
[Result "0-1"]
[WhiteElo "2460"]
[BlackElo "2520"]
[PlyCount "74"]
[EventDate "1992.??.??"]
[Source "www.chesslib.no"]
[SourceDate "2004.05.04"]

1. c4 Nf6 2. Nf3 b6 3. g3 Bb7 4. Bg2 e6 5. O-O Be7 6. Nc3 O-O 7. Qc2 c5 8. e4 d6 9. d4 cxd4 10. Nxd4 Qc7 11. b3 a6 12. Bb2 Nbd7 13. Qe2 Rfe8 14. Rad1 Bf8 15. f4 e5 16. Nf5 b5 17. Nd5 Qc5+ 18. Kh1 bxc4 19. bxc4 Rac8 20. fxe5 dxe5 21. Nh6+ gxh6 22. Rxf6 Bxd5 23. Rxd5 Nxf6 24. Rxc5 Bxc5 25. Bc1 Kg7 26. Bh3 Rcd8 27. Bf5 Rd6 28. Kg2 Red8 29. Kh3 Rd1 30. Qb2 Bd4 31. Qc2 Bc5 32. Qb2 Bg1 33. Qa3 R1d2 34. Bxd2 Rxd2 35. g4 Bxh2 36. Qe3 Bf4 37. Qg1 Rd3+ 0-1

[Event "Elekes Memorial"]
[Site "Budapest HUN"]
[Date "1996.??.??"]
[Round "6"]
[White "Petran, Pal"]
[Black "Varga, Zoltan"]
[Result "1/2-1/2"]
[WhiteElo "2440"]
[BlackElo "2540"]
[PlyCount "34"]
[EventDate "1996.??.??"]
[Source "www.chesslib.no"]
[SourceDate "2004.05.04"]

1. c4 Nf6 2. Nf3 d6 3. g3 e5 4. Bg2 Be7 5. O-O O-O 6. d4 exd4 7. Nxd4 Re8 8. Nc3 Nbd7 9. b3 a5 10. Bb2 Nc5 11. e4 Bf8 12. Re1 Bd7 13. h3 h6 14. Qc2 c6 15. Rad1 Qc7 16. Qb1 Rad8 17. Qa1 Bc8 1/2-1/2

[Event "Camp. bosniaco 2007"]
[Site "Sarajevo BOS"]
[Date "2007.12.22"]
[Round "5"]
[White "Bogut, Zeljko"]
[Black "Stojanovic, Dalibor"]
[Result "1/2-1/2"]
[WhiteElo "2458"]
[BlackElo "2510"]
[PlyCount "39"]
[EventDate "2007.12.18"]
[Source "www.chesslib.no"]
[SourceDate "2004.05.04"]

1. c4 Nf6 2. Nf3 c6 3. Nc3 d5 4. e3 g6 5. cxd5 cxd5 6. d4 Bg7 7. Be2 O-O 8. O-O Nc6 9. Bd2 Ne4 10. Rc1 Bg4 11. h3 Bxf3 12. Bxf3 Nxc3 13. Bxc3 e6 14. b4 Ne7 15. b5 Qd7 16. Bb4 Rfc8 17. Bxe7 Qxe7 18. Qa4 Qd7 19. Qb3 Rxc1 20. Rxc1 1/2-1/2

[Event "Moscow RUS"]
[Site "?"]
[Date "1996.??.??"]
[Round "2"]
[White "Aleksandrov Aleksej"]
[Black "Yandemirov Valeri"]
[Result "1-0"]
[WhiteElo "2535"]
[BlackElo "2430"]
[PlyCount "89"]
[EventDate "1996.??.??"]
[Source "www.chesslib.no"]
[SourceDate "2004.05.04"]

1. c4 Nf6 2. Nf3 g6 3. b4 Bg7 4. Bb2 O-O 5. e3 b6 6. Be2 c5 7. a3 Nc6 8. b5 Na5 9. O-O d5 10. cxd5 Nxd5 11. Bxg7 Kxg7 12. d4 cxd4 13. Qxd4+ Nf6 14. Qe5 Be6 15. Nbd2 Rc8 16. Qb2 Kg8 17. e4 Nd7 18. Rfd1 Qc7 19. Nd4 Nc5 20. Nxe6 fxe6 21. e5 Na4 22. Qa2 Qxe5 23. Bg4 Nc5 24. Re1 Qf6 25. Ne4 Nxe4 26. Rxe4 Rc2 27. Qxe6+ Qxe6 28. Bxe6+ Kg7 29. f4 Rd8 30. Rae1 Kf8 31. Bh3 Rc7 32. f5 Nb7 33. fxg6 hxg6 34. Be6 Nd6 35. Rg4 Kg7 36. h4 Rh8 37. a4 Rh5 38. Ba2 Rhc5 39. Re6 g5 40. h5 Nf7 41. Rg6+ Kf8 42. h6 Rc1+ 43. Kh2 Nxh6 44. Rxh6 Kg7 45. Rh5 1-0

[Event "Sarajevo"]
[Site "Sarajevo"]
[Date "1988.??.??"]
[Round "?"]
[White "Dizdarevic, Emir"]
[Black "Marjanovic, Slavoljub"]
[Result "1/2-1/2"]
[WhiteElo "2485"]
[BlackElo "2480"]
[PlyCount "64"]
[EventDate "1988.03.??"]
[Source "ChessBase"]

1. c4 Nf6 2. Nf3 b6 3. g3 Bb7 4. Bg2 e6 5. O-O Be7 6. b3 O-O 7. Bb2 c5 8. Nc3 Ne4 9. Nxe4 Bxe4 10. d3 Bb7 11. d4 Be4 12. Qd2 d5 13. dxc5 Bxc5 14. Rfd1 Qe7 15. cxd5 Bxd5 16. Ng5 Bxg2 17. Kxg2 Nc6 18. Qf4 Rac8 19. h4 h6 20. Nf3 e5 21. Bxe5 Nxe5 22. Qxe5 Qxe5 23. Nxe5 Rfe8 24. Nd3 Rxe2 25. Rac1 Rc7 26. Nxc5 Rxc5 27. Rxc5 bxc5 28. a4 Rb2 29. Rc1 Rxb3 30. Rxc5 Rb4 31. Ra5 Rb7 32. Rc5 Rb4 1/2-1/2

[Event "Berliner Sommer"]
[Site "Berlin GER"]
[Date "1993.??.??"]
[Round "?"]
[White "Beim, Valery"]
[Black "Schaefer, Markus"]
[Result "1-0"]
[WhiteElo "2500"]
[BlackElo "2455"]
[PlyCount "105"]
[EventDate "1993.08.??"]
[Source "www.chesslib.no"]
[SourceDate "2004.05.04"]

1. c4 Nf6 2. Nf3 g6 3. b4 Bg7 4. Bb2 O-O 5. e3 b6 6. Be2 c5 7. bxc5 bxc5 8. Nc3 Nc6 9. O-O d6 10. d4 cxd4 11. exd4 Rb8 12. Bc1 Bg4 13. Be3 d5 14. h3 Bf5 15. Ne5 Na5 16. Nxd5 Nxd5 17. cxd5 Be4 18. Qa4 Rb2 19. Bf3 Bxf3 20. Nxf3 Qxd5 21. Rfc1 Rb5 22. Rc7 e6 23. Rac1 Nb7 24. R7c5 Nxc5 25. Qxb5 Ne4 26. Qxd5 exd5 27. Rc7 Ra8 28. Ne5 Nd6 29. Rd7 Bf8 30. Bf4 Nb5 31. Nxf7 Nxd4 32. Nh6+ Bxh6 33. Bxh6 Nf5 34. Bg5 d4 35. g4 Ng7 36. Bf6 Ne6 37. Re7 Nf4 38. Bxd4 Nxh3+ 39. Kg2 Ng5 40. Rg7+ Kf8 41. Rxa7 Rc8 42. Be3 Rc4 43. f3 Nf7 44. a4 Ne5 45. a5 Nc6 46. Ra8+ Ke7 47. a6 Kd6 48. a7 Ra4 49. Rh8 Nxa7 50. Ra8 Ra3 51. Bxa7 Kc6 52. g5 Ra6 53. Kg3 1-0

[Event "Pula zt"]
[Site "Pula"]
[Date "1975.??.??"]
[Round "?"]
[White "Csom, Istvan"]
[Black "Hug, Werner"]
[Result "1/2-1/2"]
[WhiteElo "2530"]
[BlackElo "2420"]
[PlyCount "112"]
[EventDate "1975.??.??"]
[Source "ChessBase"]

1. c4 Nf6 2. Nf3 g6 3. b4 Bg7 4. Bb2 O-O 5. e3 d6 6. Be2 e5 7. d3 Re8 8. O-O Nbd7 9. Nbd2 c6 10. Qc2 Qe7 11. a3 Nf8 12. Rfc1 Ng4 13. c5 d5 14. e4 Ne6 15. Bf1 Ng5 16. Nxg5 Qxg5 17. Nf3 Qd8 18. h3 Nh6 19. Re1 d4 20. Nd2 f5 21. exf5 gxf5 22. f4 Nf7 23. fxe5 Nxe5 24. Nc4 Qd5 25. Qf2 Bd7 26. Be2 Rf8 27. Kh1 Rae8 28. Nd6 Re6 29. Qxd4 Qxd4 30. Bxd4 Nxd3 31. Bxg7 Nxe1 32. Bc4 Kxg7 33. Bxe6 Bxe6 34. Rxe1 Kf6 35. Nxb7 Bd5 36. Kh2 Rg8 37. g3 f4 38. Rf1 f3 39. Nd6 Ke5 40. Re1+ Kd4 41. Nf5+ Kd3 42. Kg1 a5 43. Kf2 axb4 44. Ne7 Rb8 45. Nxd5 bxa3 46. Ne7 Re8 47. Kxf3 a2 48. Ra1 Rxe7 49. Rxa2 Re5 50. Ra7 h5 51. Rd7+ Kc4 52. Kf4 Rxc5 53. Rg7 Rd5 54. h4 c5 55. Rg5 Kd4 56. g4 hxg4 1/2-1/2

[Event "XVIII Open"]
[Site "Pula"]
[Date "2004.06.21"]
[Round "3"]
[White "Kurajica, Bojan"]
[Black "Kuljasevic, Davorin"]
[Result "1-0"]
[WhiteElo "2540"]
[BlackElo "2408"]
[PlyCount "89"]
[EventDate "2004.06.19"]
[Source "Roberto Alvarez"]
[SourceDate "2004.06.28"]

1. c4 Nf6 2. Nf3 c6 3. Qc2 d5 4. g3 Bg4 5. Bg2 Nbd7 6. d3 e6 7. Nbd2 Bd6 8. O-O O-O 9. h3 Bh5 10. b3 Re8 11. Bb2 e5 12. e3 a5 13. a3 Qe7 14. Nh4 Bg6 15. Rfc1 Rab8 16. cxd5 cxd5 17. Nb1 b5 18. Nxg6 hxg6 19. Qd1 b4 20. axb4 Bxb4 21. Nc3 Qe6 22. Na2 Bf8 23. d4 e4 24. Bc3 Qb6 25. Bf1 Qxb3 26. Bxa5 Qxd1 27. Rxd1 Rb3 28. Rdb1 Reb8 29. Nc3 Rxb1 30. Rxb1 Rxb1 31. Nxb1 Bd6 32. Ba6 Kf8 33. Nc3 Ke7 34. Bb7 Ke6 35. h4 Ba3 36. Kg2 Bb2 37. Nb5 Ne8 38. Kf1 f5 39. Bc6 Ndf6 40. Bb4 Nd7 41. Ke2 Nef6 42. Nc7+ Kf7 43. Nxd5 Nb8 44. Bb7 Ke6 45. Nb6 1-0

[Event "It (Open) Piestany SLO"]
[Site "?"]
[Date "2005.11.20"]
[Round "7"]
[White "Hasangatin Ramil"]
[Black "Mrva Martin"]
[Result "1-0"]
[WhiteElo "2457"]
[BlackElo "2490"]
[PlyCount "84"]
[EventDate "2005.??.??"]
[Source "www.chesslib.no"]
[SourceDate "2004.05.04"]

1. c4 Nf6 2. Nf3 d6 3. Nc3 g6 4. b4 a5 5. b5 Bg7 6. Bb2 O-O 7. e3 e5 8. d3 Re8 9. Be2 e4 10. Nd4 exd3 11. Qxd3 Nbd7 12. O-O Nc5 13. Qc2 Ne6 14. Nf3 Nc5 15. Rad1 b6 16. Nd4 Bb7 17. Bf3 Bxf3 18. Nxf3 Nce4 19. Rfe1 Qd7 20. Nxe4 Nxe4 21. Bxg7 Kxg7 22. Nd4 Nc5 23. e4 Ne6 24. Ne2 f6 25. Nc3 Qf7 26. Nd5 Rf8 27. Re3 Rae8 28. Rde1 Qd7 29. Qc3 Nc5 30. f4 Re6 31. e5 dxe5 32. fxe5 f5 33. Nf4 Rd8 34. Nxe6+ Nxe6 35. Kh1 Qd4 36. Qc1 h5 37. Rf1 Qd2 38. Qa3 Rd7 39. Ree1 Qc2 40. Rc1 Qd3 41. Qb2 Qd2 42. Qb1 Qe2 1-0

[Event "Wuerzburg Open 9th"]
[Site "Wuerzburg"]
[Date "1993.??.??"]
[Round "3"]
[White "Maiwald, Jens-Uwe"]
[Black "Lanka, Zigurds"]
[Result "0-1"]
[WhiteElo "2400"]
[BlackElo "2545"]
[PlyCount "102"]
[EventDate "1993.??.??"]
[Source "www.chesslib.no"]
[SourceDate "2004.05.04"]

1. c4 Nf6 2. Nf3 g6 3. g3 Bg7 4. Bg2 d6 5. Nc3 Nc6 6. Rb1 a6 7. O-O Bf5 8. d3 Qd7 9. b4 Bh3 10. e4 Bxg2 11. Kxg2 O-O 12. b5 axb5 13. cxb5 Nd8 14. Qb3 e5 15. Nd5 Ne6 16. Nxf6+ Bxf6 17. Be3 Bg7 18. Ng5 Nxg5 19. Bxg5 Kh8 20. Bd2 f5 21. f3 c6 22. a4 d5 23. Bb4 Rf7 24. Bc5 h5 25. Qb4 f4 26. Rb2 g5 27. a5 g4 28. bxc6 bxc6 29. Rbf2 h4 30. gxh4 Bf6 31. Kh1 g3 32. Rg2 Rg7 33. h5 Rag8 34. Qe1 d4 35. a6 Bh4 36. a7 Kh7 37. Qe2 Be7 38. Bb6 Qb7 39. Qa2 Ra8 40. Rb1 Qd7 41. Qc4 Bd6 42. Rc1 Rc8 43. Qa2 Qe8 44. Qa6 Bb4 45. h6 Kxh6 46. hxg3 fxg3 47. Bxd4 exd4 48. Rxc6+ Rxc6 49. a8=Q Qh5+ 50. Kg1 Rxa6 51. Qxa6+ Kh7 0-1

[Event "MTO Open"]
[Site "?"]
[Date "2005.07.20"]
[Round "3"]
[White "Dvoirys Semen I"]
[Black "Nemet Ivan"]
[Result "0-1"]
[WhiteElo "2589"]
[BlackElo "2353"]
[PlyCount "84"]
[EventDate "2005.??.??"]
[Source "www.chesslib.no"]
[SourceDate "2004.05.04"]

1. c4 Nf6 2. Nf3 Nc6 3. d4 e6 4. Nc3 Bb4 5. e3 d6 6. Be2 O-O 7. O-O Bxc3 8. bxc3 Ne4 9. Qc2 f5 10. Bd3 Ng5 11. Nd2 e5 12. f4 e4 13. Be2 Nf7 14. Ba3 Ne7 15. c5 Nd5 16. Nc4 b5 17. cxb6 axb6 18. Bc1 Ba6 19. Bd2 Nf6 20. Rfe1 Qd7 21. a4 Qc6 22. Nb2 Bxe2 23. Rxe2 d5 24. c4 dxc4 25. Qxc4 Qxc4 26. Nxc4 Nd5 27. Ree1 Ra6 28. a5 Rfa8 29. Rab1 bxa5 30. Nxa5 Nd6 31. Nb3 Ra2 32. Rec1 Rb8 33. Kf1 Kf7 34. Ke2 Nb5 35. Ke1 Na3 36. Ra1 Nc2+ 37. Rxc2 Rxc2 38. Kd1 Rb2 39. Nc1 g5 40. Ra5 c6 41. fxg5 f4 42. exf4 e3 0-1

[Event "BL2-N 9596"]
[Site "GER"]
[Date "1996.??.??"]
[Round "?"]
[White "Lagunow, Alexander"]
[Black "Hector, Jonny"]
[Result "1/2-1/2"]
[WhiteElo "2420"]
[BlackElo "2520"]
[PlyCount "83"]
[EventDate "1995.10.??"]
[Source "www.chesslib.no"]
[SourceDate "2004.05.04"]

1. c4 Nf6 2. Nf3 c6 3. g3 Qa5 4. Bg2 e5 5. O-O e4 6. Ne1 h5 7. Nc3 h4 8. Nxe4 Nxe4 9. Bxe4 hxg3 10. fxg3 Qc5+ 11. d4 Qxc4 12. Nf3 d6 13. Ng5 f5 14. Bxf5 Bxf5 15. Rxf5 Be7 16. b3 Qg8 17. Qd3 Nd7 18. Rf2 Rh6 19. Bd2 Rf6 20. Rxf6 gxf6 21. Nf3 Qg4 22. Nh4 O-O-O 23. Nf5 Bf8 24. Rf1 Re8 25. Qf3 Qg8 26. e3 d5 27. g4 Re4 28. h3 Kb8 29. Qg3+ Ka8 30. Qc7 Nb8 31. Be1 Ba3 32. Bg3 Na6 33. Qd7 Nb8 34. Qc7 Na6 35. Qd7 Nb8 36. Bxb8 Qxb8 37. Qf7 Qd8 38. Kg2 a6 39. Rf3 Bc1 40. Kg3 Ka7 41. Kg2 Bd2 42. Kf2 1/2-1/2

[Event "Seefeld op 10th"]
[Site "?"]
[Date "1999.09.17"]
[Round "7"]
[White "Malaniuk Vladimir P"]
[Black "Koutsin Sergey"]
[Result "1/2-1/2"]
[WhiteElo "2525"]
[BlackElo "2415"]
[PlyCount "90"]
[EventDate "1999.??.??"]
[Source "www.chesslib.no"]
[SourceDate "2004.05.04"]

1. c4 Nf6 2. Nf3 c6 3. Nc3 d5 4. e3 e6 5. b3 Nbd7 6. Qc2 Bd6 7. Bb2 O-O 8. Be2 Qe7 9. O-O Re8 10. d4 b6 11. e4 Nxe4 12. Nxe4 dxe4 13. Qxe4 Bb7 14. Rad1 Nf6 15. Qc2 c5 16. dxc5 Bxc5 17. Ne5 Rad8 18. Bf3 Bxf3 19. Nxf3 Rxd1 20. Rxd1 Rd8 21. Bd4 h6 22. Bxc5 Rxd1+ 23. Qxd1 Qxc5 24. Qd8+ Kh7 25. Qd3+ Kg8 26. h3 g5 27. g4 Kf8 28. Qd8+ Kg7 29. Qd4 Qxd4 30. Nxd4 h5 31. gxh5 Nxh5 32. Nc6 a5 33. c5 bxc5 34. Nxa5 Nf4 35. Nb7 Ne2+ 36. Kg2 Nc1 37. Nxc5 Nxa2 38. Kf3 Kf6 39. Nd3 Nc3 40. b4 Kf5 41. Nc5 e5 42. Na6 e4+ 43. Kg3 Nb5 44. Nc5 f6 45. Nb3 Kg6 1/2-1/2